000 00485nam a2200181Ia 4500
001 7419
005 20260306160454.0
008 260306t2000||||xx |||||||||||||| ||spa||
041 _aESP
082 _a338.985
_bB79
100 _aBoza, Beatriz (ed.)
_eAUT
245 0 _aEl rol del estado en la promoción - país:
_bhacia una auditoría académica de PromPerú
260 _c2000
300 _a737 páginas :
_c29 cm.
650 _aGEN
654 _aCAN
942 _cLIB
_dJUS
_fJUS
_2ddc
_n
999 _c7419
_d7419